Neta Abhineta/ (Record no. 200939)

MARC details
000 -LEADER
fixed length control field 00579nam a22002057a 4500
005 - DATE AND TIME OF LATEST TRANSACTION
control field 20240220172614.0
010 ## - LCCN (DPL NO)
LC control number ENG-139393
020 ## - INTERNATIONAL STANDARD BOOK NUMBER
International Standard Book Number 9789388322492
Terms of availability 499.00
035 ## - SYSTEM CONTROL NUMBER
System control number EN-122925
037 ## - SOURCE OF ACQUISITION
Source of stock number/acquisition DBAD/PUB
082 ## - DEWEY DECIMAL CLASSIFICATION NUMBER
Classification number 305.5
Edition number 1
100 ## - MAIN ENTRY--PERSONAL NAME
Personal name Kidwai, Rasheed
245 ## - TITLE STATEMENT
Title Neta Abhineta/
Statement of responsibility, etc By Rasheed Kidwai
250 ## - EDITION STATEMENT
Edition statement 1
260 ## - PUBLICATION, DISTRIBUTION, ETC. (IMPRINT)
Place of publication, distribution, etc Gurugram
Name of publisher, distributor, etc Hachette India
Date of publication, distribution, etc 2022
270 ## - ADDRESS
City Gurugram
Address 4th & 5th Floor, Corporate Centre, Plot no-94,Sector-44
Postal code 122003
300 ## - PHYSICAL DESCRIPTION
Extent 363p.
Other physical details 22cm(pbk)
500 ## - GENERAL NOTE
General note
942 ## - ADDED ENTRY ELEMENTS (KOHA)
Source of classification or shelving scheme Dewey Decimal Classification
Item type English Books
Classification part 305.5
Call number suffix KID
Holdings
Withdrawn status Lost status Not for loan Collection code Home library Current library Date acquired Source of acquisition Cost, normal purchase price Full call number Barcode Copy number Cost, replacement price Koha item type
      Non-fiction Bawana Bawana 20/02/2024 DBAD 499.00 305.5 KID EN-122925 1 499.00 English Books

© Delhi Public Library
Hit Counter
free hit counter